Vida conyugal, maltrato y abandono: el divorcio eclesiástico en Chile, 1850-1890

Guardat en:
Dades bibliogràfiques
Autor principal: Rengifo Streeter, Francisca (Autor)
Format: Llibre
Idioma:espanyol
Publicat: Santiago Universitaria 2011
Matèries:
Etiquetes: Afegir etiqueta
Sense etiquetes, Sigues el primer a etiquetar aquest registre!

MARC

LEADER 00000cam a2200000 a 4500
001 UCF6407
003 CL-VaPUC
008 130425e20110000CL |||||||||||||||||spa|d
020 |a 9789561123526 
082 0 4 |a 346.830166  |b REN  |2 21 
100 0 |a Rengifo Streeter, Francisca  |e author  |9 568400 
245 1 0 |a Vida conyugal, maltrato y abandono: el divorcio eclesiástico en Chile, 1850-1890 
300 |a 337 p 
942 |c BK 
945 |d 20130425 00:00:00  |a dcastane 
260 |a Santiago  |b Universitaria  |c 2011 
650 0 |a Divorcio  |9 256204 
650 7 |a DERECHO CANONICO  |2 CL-VaPUC  |9 568401 
650 7 |a MATRIMONIO  |2 CL-VaPUC  |9 568402 
583 |a last modification  |c 20130425 11:23:00  |k Rodrigo Vera 
999 |c 351623  |d 351621 
952 |0 0  |1 0  |4 0  |6 346_830166000000000_REN_2011  |7 0  |8 A  |9 455816  |a BIBHIS  |b BIBHIS  |d 2019-11-22  |i 4966910  |o 346.830166 REN 2011  |p 4966910  |r 2025-01-20  |w 2019-11-22  |y BK  |k HIS 
952 |0 0  |1 0  |3 erb  |4 0  |6 346_830166000000000_REN_2011  |7 0  |8 DER_HDC  |9 455817  |a BIBDER  |b BIBDER  |i 5193362  |o 346.830166 REN 2011  |p 5193362  |r 2023-01-25  |w 2019-11-22  |x Ubicación 4to Piso  |y BK  |z Estos recursos deben solicitarse con anticipación  |k DER 
952 |0 0  |1 0  |3 erb  |4 0  |6 346_830166000000000_REN_2011  |7 0  |8 A  |9 455818  |a BIBDER  |b BIBDER  |i 5360501  |o 346.830166 REN 2011  |p 5360501  |r 2023-01-25  |w 2019-11-22  |y BK  |z Catalogado en:20170119  |k DER